| 000 | 00463nam a2200193Ia 4500 | ||
|---|---|---|---|
| 005 | 20240823042300.0 | ||
| 008 | 240823s9999||||xx |||||||||||||| ||und|| | ||
| 020 | _a81-219-2555-X | ||
| 041 | _aENGLISH | ||
| 082 | _A621.381 P5 | ||
| 100 | _aTheraja B L | ||
| 245 | 0 | _aBasic Electronics Solid State | |
| 250 | _a1st | ||
| 260 |
_c2005 _b"S Chand,New Delhi" |
||
| 500 | _aTRANSFERED | ||
| 650 |
_aElectronics _bElectronics |
||
| 942 | _cBK | ||
| 999 |
_c207503 _d207503 |
||